000 01277nam a22002897a 4500
001 0074
003 DO-SdBNP
005 20151111120121.0
007 0074
008 150929b mx 2011 xxu||||| |||| 00| 0 spa d
020 _a9786074360288
040 _aBPMSU
_bspa
_cBPMSU
092 _a613.0432
_bN577c
245 0 0 _aNiñas :
_bcuidados y salud /
_cRamiro Martínez Menéndez dirección editorial; ilustraciones Ramiro Martínez Menéndez, Benjamín Llanos Paulino; colaboración Paulina Martínez Menéndez
260 _aMexico :
_bEuroméxico,
_bLexus,
_c2011
300 _a186 p. :
_bil.
_c32 cm.+ CD-ROM
505 0 _a El cabello -- Los ojos -- Los oídos -- La nariz -- La boca -- La cara -- Las manos -- La piel -- Brazos -- Piernas -- Los pies -- Mis huesos -- Mi salud -- Me alimento sano -- Trastornos alimenticios -- El ejercicio -- Cambios en mi cuerpo -- Mi cuerpo cambia -- Mi sexualidad -- Para verme mejor.
650 _aSALUD INFANTIL
650 _aNUTRICIÓN INFANTIL
650 _aDESARROLLO INFANTIL
700 1 0 _aMartínez Menéndez, Ramiro,
_eed.
700 1 0 _aMartínez Menéndez, Paulina
_ecolab.
700 1 0 _aMartínez Menéndez, Ramiro,
_eil.
700 1 0 _aLlanos Patiño, Benjamín
_eil.
942 _2ddc
_cBK
956 _aBrenda Tavárez
999 _c8299
_d8299